| 000 | 00710aam a2200193 a 4500 | ||
|---|---|---|---|
| 001 | 000070149 | ||
| 003 | AM-YEHGA | ||
| 005 | 20250617121705.0 | ||
| 008 | 990203s1977 ru ||||| |||| 00| 0 rus d | ||
| 040 | _aAM-YeHGA | ||
| 041 | 0 | _arus | |
| 245 | 1 | 0 |
_aВолгоградское водохранилище : _b(Население. биологическое продуцирование и самоочищение) / _cПод ред. А. С. Константинова. |
| 260 | 0 |
_aСаратов : _bСаратовского ун-та, _c1977. |
|
| 300 | _a222 с. | ||
| 650 | 1 | 4 | _aОбщая биология |
| 700 | 1 | 0 |
_aКонстантинов, А. С. _ered. _4edt |
| 942 |
_2udc _cBK |
||
| 090 | _c21472 | ||
| 999 |
_c21251 _d21251 |
||